Бюро находок; Ресурсоэффективным технологиям - энергию и энтузиазм молодых

Podrobná bibliografie
Parent link:Ресурсоэффективным технологиям - энергию и энтузиазм молодых.— 2013.— [С. 219-220]
Další autoři: Прозоров А. А. Александр Андреевич, Дементьев Д. М. Дмитрий Михайлович, Шутова Е. П. Елизавета Петровна, Агеева Н. С. Надежда Сергеевна, Жданович С. А. Станислав Андреевич, Кулицкий А. А. Андрей Андреевич
Shrnutí:Заглавие с титульного листа
Jazyk:ruština
Vydáno: 2013
Edice:Инициативные проекты
Témata:
On-line přístup:http://www.lib.tpu.ru/fulltext/c/2013/C08/102.pdf
Médium: MixedMaterials Elektronický zdroj Kapitola
KOHA link:https://koha.lib.tpu.ru/cgi-bin/koha/opac-detail.pl?biblionumber=241252

MARC

LEADER 00000naa2a2200000 4500
001 241252
005 20251215164127.0
035 |a (RuTPU)RU\TPU\book\262519 
035 |a RU\TPU\book\262505 
090 |a 241252 
100 |a 20130708d2013 k y0rusy50 ca 
101 0 |a rus 
102 |a RU 
135 |a drcn ---uucaa 
200 1 |a Бюро находок  |f А. А. Прозоров, Д. М. Дементьев, Е. П. Шутова [и др.] 
215 |a 1 файл(522 Кб) 
225 1 |a Инициативные проекты 
300 |a Заглавие с титульного листа 
337 |a Adobe Reader 
463 1 |0 (RuTPU)RU\TPU\book\260564  |t Ресурсоэффективным технологиям - энергию и энтузиазм молодых  |o сборник докладов IV Университетской конференции студентов Элитного технического образования, г. Томск, 24 -27 апреля 2013 г.  |f Национальный исследовательский Томский политехнический университет (ТПУ)  |v [С. 219-220]  |d 2013 
610 1 |a труды учёных ТПУ 
610 1 |a электронный ресурс 
610 1 |a находки 
610 1 |a потери 
610 1 |a поиск 
610 1 |a ТПУ 
701 1 |a Прозоров  |b А. А.  |g Александр Андреевич 
701 1 |a Дементьев  |b Д. М.  |g Дмитрий Михайлович 
701 1 |a Шутова  |b Е. П.  |g Елизавета Петровна 
701 1 |a Агеева  |b Н. С.  |g Надежда Сергеевна 
701 1 |a Жданович  |b С. А.  |g Станислав Андреевич 
701 1 |a Кулицкий  |b А. А.  |g Андрей Андреевич 
801 1 |a RU  |b 63413507  |c 20130205 
801 2 |a RU  |b 63413507  |c 20220329  |g RCR 
856 4 |u http://www.lib.tpu.ru/fulltext/c/2013/C08/102.pdf 
942 |c CF